000 01009cam a22003137a 4500
003 CHAP
005 20220329140019.0
008 971013s r 00010 d
010 _a45554
011 _a46526
035 _a50667
040 _cCHAP
090 _aR-2377
100 0 0 _aRei, Darío.
_995721
245 1 3 _aEl debate en torne a Copérnico (1550-1633)
500 _aSobretiro de : Darío Rei La Revolución Científica. Barcelona : Icaria, 1978. pp. 63-97 : 125-149
590 _aBATCH-UPD
_b10
_c20130110
_lUCH01
_h0251
590 _aBATCH-UPD
_b10
_c20130110
_lUCH01
_h1444
590 _aBATCH-UPD
_b10
_c20130409
_lUCH01
_h2322
590 _aBATCH-UPD
_b10
_c20130410
_lUCH01
_h1509
590 _aBATCH-UPD
_b10
_c20130914
_lUCH01
_h1108
590 _aCONVERSION
_b10
_c20130109
_lUCH01
_h1325
650 1 4 _aMecánica celeste.
_973820
650 1 4 _aTierra.
_9113060
700 0 _aCopérnico, Nicolás.
_927887
901 _aBK
942 _cREIMP
949 _aR-2377
_bBC
_cR
_d-113773
_eTS1
_i50667
_si
999 _c45554
_d45554